Central Library OPAC University of Rajshahi

Capital : (Record no. 19254)

MARC details
000 -LEADER
fixed length control field 00942nam a2200277 a 4500
001 - CONTROL NUMBER
control field 19254
003 - CONTROL NUMBER IDENTIFIER
rucl marc code BD-RjUL
005 - DATE AND TIME OF LATEST TRANSACTION
control field 20211209000415.0
008 - FIXED-LENGTH DATA ELEMENTS--GENERAL INFORMATION
fixed length control field 160622t1966 ru 001 0 eng d
035 ## - SYSTEM CONTROL NUMBER
System control number (BD-RjUL)19312
040 ## - CATALOGING SOURCE
Original cataloging agency DLC
Language of cataloging eng
Transcribing agency DLC
Modifying agency BD-RjUL
041 1# - LANGUAGE CODE
Language code of text/sound track or separate title eng
Language code of original ger
082 04 - DEWEY DECIMAL CLASSIFICATION NUMBER
Classification number 335.4
Author mark and year MAC 1962
100 1# - MAIN ENTRY--PERSONAL NAME
Personal name Marx, Karl,
Dates associated with a name 1818-1883.
9 (RLIN) 6434
245 10 - TITLE STATEMENT
Title Capital :
Remainder of title a critique of political economy.
Name of part/section of a work Book III: the process of capitalist production as a whole /
Statement of responsibility, etc. Karl Marx ; edited by F. Engels.
260 ## - PUBLICATION, DISTRIBUTION, ETC. (IMPRINT)
Place of publication, distribution, etc. Moscow :
Name of publisher, distributor, etc. Progress Publishers,
Date of publication, distribution, etc. 1962
300 ## - PHYSICAL DESCRIPTION
Pagination V. ;
Size 23 cm.
500 ## - GENERAL NOTE
General note "The present English edition follows the German 1893 edition ..." -- Publishers' Note.
General note Translation of: Das Kapital.
504 ## - BIBLIOGRAPHY, ETC. NOTE
Bibliography, etc Includes index.
650 #0 - SUBJECT ADDED ENTRY--TOPICAL TERM
Topical term or geographic name as entry element Capital.
9 (RLIN) 59237
Topical term or geographic name as entry element Marxian economics.
9 (RLIN) 6707
700 1# - ADDED ENTRY--PERSONAL NAME
Personal name Engels, Friedrich,
Dates associated with a name 1820-1895.
942 ## - ADDED ENTRY ELEMENTS (KOHA)
Source of classification or shelving scheme Dewey Decimal Classification
Koha item type Books
Holdings
Lost status Source of classification or shelving scheme Damaged status Not for loan Collection code Permanent Location Current Location Shelving location Date acquired Source of acquisition Total Checkouts Full call number Date last seen Copy number Koha item type Date checked out
  Dewey Decimal Classification     Non-fiction Central Library, University of Rajshahi Central Library, University of Rajshahi   01/03/1978 Asia foundation   335.4 MAC V-3 1966 23/02/2014 C-1 Books  
  Dewey Decimal Classification     Non-fiction Central Library, University of Rajshahi Central Library, University of Rajshahi   01/03/1978 Asia foundation 4 335.4 MAC V-3 1962 11/08/2018 C-2 Books 19/12/2017
  Dewey Decimal Classification     Non-fiction Central Library, University of Rajshahi Central Library, University of Rajshahi   01/03/1978 Asia foundation 1 335.4 MAC V-3 1962 16/03/2020 C-3 Books 15/03/2020
  Dewey Decimal Classification     Non-fiction Central Library, University of Rajshahi Central Library, University of Rajshahi   01/03/1978 Asia foundation   335.4 MAC V-2 1974 22/06/2016 C-2 Books